1502 1250 1816 1101 1230 1733 1402 1729 1254 1256 1763 1007 1513 1613 1844 1011 1365 1150 1115 1212 1385 1447 1601 1629 1271 1344 1143 1499 1167 1810 1575 1356 1082 1122 1759 1544 1280 1932 1167 1736 1446 1471 1431 1245 1082 1609 1877 1599 1472 1156 1056 1375 1692 1216 1869 1296 1032 1905 1739 1061 1205 1479 1636 1040 1800 1339 1898 1191 1022 1448 1360 1205 1512 1856 1260 1072 1589 1547 1630 1333 1785 1284 1387 1272 1884 1299 1465 1636 1614 1228 1410 1339 1853 1222 1475 1912 1228 1943 1672 BCNSPRNW ULIB Ver.6.0+V

เปลี่ยนเป็นภาษาไทย

Change to English
 แสดงรายละเอียดบรรณานุกรม
  กลับหน้าหลัก

Brief Record : Get Marc (ISO 2709) : E-mail record : QR code < ปิดหน้าต่าง
LEADER : 00000nam 2200000uu 4500
001    13399107733
003     ULIB
008    110201s2552||||th 000 0 tha d
020    9745863998 (ล.1)
060 04 QT4^bช627ส ล.1 2552
245 00 สรีรวิทยา /^cโดยคณาจารย์ภาควิชาสรีรวิทยา คณะวิทยาศาสตร์มหาวิทยาลัยมหิดล ; คณะผู้จัดทำ, ชุมพล ผลประมูล ... [และคนอื่นๆ]
250    พิมพ์ครั้งที่ 4
260    กรุงเทพฯ :^bภาควิชาสรีรวิทยา คณะวิทยาศาสตร์มหาวิทยาลัยมหิดล,^c2552
650  7 สรีรวิทยา
700 0  ชุมพล ผลประมูล
710 2  มหาวิทยาลัยมหิดล. ^bคณะวิทยาศาสตร์. ^bภาควิชาสรีรวิทยา
945    ^p0^l0^i028810
945    ^p0^l0^i028809
945    ^p0^l0^i028808
995    ทศพร
999 ^a ใช้งานได้ทุกระบบ
รายการนี้ยังไม่มีแท็ก
คุณยังไม่ได้ล็อกอิน คุณสามารถมีกิจกรรมร่วมกับเว็บไซต์ได้ แต่ต้องล็อกอินก่อน ::
  ล็อกอิน

รายการสื่อสารสนเทศ

ลำดับที่ ประเภท เลขเรียก/บาร์โค้ด สถานที่ สถานะ
- ไม่พบข้อมูล -

รายการใกล้เคียง
    หัวเรื่อง [สรีรวิทยา]

BibComment


ยังไม่เคยถูกคอมเมนท์

คอมเมนท์ทรัพยากรรายการนี้
  คอมเมนท์: สรีรวิทยา โดยคณา..


 Copyright 2026. Bcnsprnw @Library